[Event "Mayors Cup Yerevan KO"]
[Site "masterchessopen.com Yerevan ARM"]
[Date "2017.01.31"]
[Round "1.1"]
[White "Petrosian,TL"]
[Black "Petrosyan,M"]
[Result "1-0"]
[WhiteElo "2592"]
[BlackElo "2550"]

1. g3 d5 2. Bg2 e6 3. d3 Nf6 4. Nd2 Be7 5. e4 c5 6. e5 Nfd7 7. f4 h5 8. c4 h4
9. Ne2 Nc6 10. O-O hxg3 11. hxg3 Nb6 12. b3 f6 13. Nf3 fxe5 14. Nxe5 Nxe5 15.
fxe5 g5 16. Nc3 a6 17. Qf3 Rh7 18. Bxg5 dxc4 19. Bxe7 Qd4+ 20. Rf2 Rxe7 21.
dxc4 Qxe5 22. Qf8+ Kd7 23. Rd1+ {#r} 1-0

[Event "Turkish Cup 2017"]
[Site "masterchessopen.com Antalya TUR"]
[Date "2017.01.31"]
[Round "6.4"]
[White "Yilmazyerli,M"]
[Black "Kilic,Efe Mert"]
[Result "1-0"]
[WhiteElo "2454"]
[BlackElo "2202"]

1. g3 e5 2. Bg2 Nc6 3. d3 Nf6 4. e4 d5 5. exd5 Nxd5 6. Nf3 g6 7. O-O Bg7 8.
Nc3 Nxc3 9. bxc3 O-O 10. Bg5 Qd7 11. Re1 h6 12. Be3 Re8 13. d4 e4 14. Nd2 f5
15. f3 exf3 16. Qxf3 Qf7 17. Nb3 Bd7 18. Bf4 Rac8 19. Rxe8+ Bxe8 20. Re1 g5
21. Bc1 Bd7 22. Nc5 Re8 23. Rxe8+ Bxe8 24. Qd5 b6 25. Na6 Ne7 26. Qd8 Kh7 27.
Nxc7 Ba4 28. Ba3 Nc6 29. Qc8 Bxc2 30. Bd5 Ne7 31. Bxf7 Nxc8 32. Be6 {#r} 1-0

[Event "Turkish Cup 2017"]
[Site "masterchessopen.com Antalya TUR"]
[Date "2017.02.03"]
[Round "10.21"]
[White "Aydin,Hasan Bora"]
[Black "Ozkan,E"]
[Result "0-1"]
[WhiteElo "2029"]
[BlackElo "2221"]

1. a3 d5 2. Nf3 c6 3. e3 Nf6 4. c4 Bf5 5. Nc3 e6 6. b4 Nbd7 7. Bb2 Be7 8. Be2
h6 9. b5 Rc8 10. O-O O-O 11. Rc1 Bh7 12. bxc6 bxc6 13. cxd5 cxd5 14. Nb5 a6
15. Na7 Rxc1 16. Qxc1 Bc5 17. Nc6 Qb6 18. Nb4 a5 19. Na6 Bd6 20. Nd4 Ne5 21.
Ba1 Nd3 22. Qc6 Qxc6 23. Nxc6 Ra8 {#R} 0-1

[Event "PRO League Eastern 2017"]
[Site "masterchessopen.com chess.com INT"]
[Date "2017.02.01"]
[Round "4"]
[White "Sai,KG"]
[Black "Meskovs,N"]
[Result "0-1"]
[WhiteElo "2339"]
[BlackElo "2490"]

1. Nc3 d5 2. e4 d4 3. Nce2 c5 4. d3 Nc6 5. f4 e5 6. g3 Bd6 7. Nf3 f6 8. Bg2
Nge7 9. f5 Qc7 10. g4 h5 11. g5 h4 12. Rg1 Bd7 13. Bf1 O-O-O 14. g6 c4 15.
dxc4 Na5 16. b3 Bc6 17. Rg4 Nxf5 18. Bh3 Kb8 19. Qd3 Ne7 20. Bd2 b6 21. Nxh4
Nb7 22. b4 Bd7 23. Nf5 Nxf5 24. exf5 Rxh3 25. Qxh3 Bxf5 26. Qh5 Bxg4 27. Qxg4
Qxc4 28. a3 Rh8 29. h4 Qc6 30. O-O-O Rc8 31. Qf5 Qc4 32. Re1 Qa2 33. Kd1 Qxa3
34. h5 Bxb4 35. h6 Bxd2 36. hxg7 Qa2 37. Kxd2 Nd6 38. Qxc8+ Kxc8 39. Rh1 Ne4+
40. Ke1 Qa1+ 41. Nc1 Qxc1+ 42. Ke2 Qe3+ 43. Kd1 Qd2# 0-1

[Event "TCh-LTU 2017"]
[Site "masterchessopen.com Lithuania LTU"]
[Date "2017.01.29"]
[Round "2.4"]
[White "Zilinskas,V"]
[Black "Laurusas,T"]
[Result "0-1"]
[WhiteElo "2036"]
[BlackElo "2433"]

1. g3 d5 2. Bg2 c5 3. c4 d4 4. d3 Nf6 5. b4 cxb4 6. Qa4+ Nc6 7. a3 e5 8. Bxc6+
bxc6 9. axb4 Bd7 10. Bd2 Bd6 11. Nf3 O-O 12. Qc2 h6 13. O-O Qe7 14. c5 Bc7 15.
Ra6 Nd5 16. Na3 f5 17. Qa2 Kh7 18. Nc4 f4 19. Rxa7 Rxa7 20. Qxa7 e4 21. Nxd4
Bh3 22. Nxc6 Qf6 23. Nd6 e3 24. b5 fxg3 25. hxg3 exf2+ 26. Kh2 Bxf1 {#R} 0-1

[Event "Gibraltar Masters 2017"]
[Site "masterchessopen.com Caleta ENG"]
[Date "2017.01.31"]
[Round "8.48"]
[White "Cheng,Bo"]
[Black "Papp,Petra"]
[Result "1-0"]
[WhiteElo "2452"]
[BlackElo "2352"]

1. b3 e5 2. Bb2 Nc6 3. e3 Nf6 4. Bb5 Bd6 5. Na3 Na5 6. Be2 a6 7. c4 O-O 8. Nb1
Re8 9. Nc3 e4 10. g4 h6 11. h4 Nc6 12. g5 Nh7 13. Qc2 Nb4 14. Qb1 Qe7 15. a3
Nc6 16. d3 hxg5 17. Nxe4 Be5 18. hxg5 Bxb2 19. Qxb2 b5 20. f4 bxc4 21. Bg4
cxd3 22. Bf5 d2+ 23. Qxd2 d5 24. Bxh7+ Kf8 25. Qxd5 g6 26. Bxg6 Be6 27. Qxc6
fxg6 28. Rh8+ {#r} 1-0

[Event "Gibraltar Masters 2017"]
[Site "masterchessopen.com Caleta ENG"]
[Date "2017.02.01"]
[Round "9.93"]
[White "Kozarcanin,S"]
[Black "Welling,G"]
[Result "0-1"]
[WhiteElo "2069"]
[BlackElo "2314"]

1. b3 e5 2. Bb2 d6 3. e3 Nd7 4. Ne2 Ngf6 5. d4 g6 6. Nbc3 Bg7 7. Qd2 O-O 8.
O-O-O Ng4 9. Ng1 exd4 10. exd4 Re8 11. Nh3 c6 12. Kb1 d5 13. Nf4 b5 14. h3
Ngf6 15. f3 a5 16. a4 bxa4 17. Nxa4 Nb6 18. Nd3 Nxa4 19. bxa4 Nd7 20. Ka1 Ba6
21. Qc3 Bc4 22. Nc1 Nb6 23. Bxc4 Nxc4 24. Nb3 Re3 25. Rd3 Re2 26. g4 Rb8 27.
Bc1 Rb4 28. Nc5 Qb6 29. Nb3 Rxa4+ 30. Kb1 Rb4 31. Ka2 Bf8 32. Re1 Rxb3 33.
Rxe2 Rxc3 34. Rxc3 a4 35. Re8 Kg7 36. g5 Bd6 37. Rd3 Bf4 38. Ba3 Nxa3 39. Kxa3
Bc1+ 40. Kxa4 Qb5# 0-1

[Event "PRO League Central 2017"]
[Site "masterchessopen.com chess.com INT"]
[Date "2017.02.01"]
[Round "4"]
[White "Moussard,J"]
[Black "Lapite,Oluwadurotimi"]
[Result "1-0"]
[WhiteElo "2576"]
[BlackElo "2067"]

1. b3 e5 2. Bb2 Nc6 3. e3 Nf6 4. Bb5 Bd6 5. Ne2 O-O 6. d3 Ne7 7. d4 Ng6 8.
dxe5 Bxe5 9. Nbc3 d5 10. Bd3 Nh4 11. O-O Nxg2 12. Kxg2 Ng4 13. Ng3 Qh4 14. Rh1
c6 15. Qf3 f5 16. h3 Nxe3+ 17. fxe3 f4 18. Raf1 Bd7 19. exf4 {#r} 1-0

[Event "37th TCh-IND 2017"]
[Site "masterchessopen.com Bhopal IND"]
[Date "2017.02.03"]
[Round "3.3"]
[White "Shivananda,B"]
[Black "Satyapragyan,S"]
[Result "1-0"]
[WhiteElo "2241"]
[BlackElo "2442"]

1. b3 d5 2. Bb2 Bg4 3. h3 Bh5 4. g4 Bg6 5. Nf3 e6 6. Bg2 Nf6 7. d3 Bd6 8. Nbd2
Nbd7 9. Nh4 Be5 10. d4 Bd6 11. Nxg6 hxg6 12. e4 Nxe4 13. Nxe4 dxe4 14. Bxe4 c6
15. Qe2 Qg5 16. Bc1 Qe7 17. Bd2 Ba3 18. c3 Nf6 19. Bg2 Nd5 20. Bxd5 cxd5 21.
b4 a5 22. Rb1 axb4 23. cxb4 Qc7 24. Qb5+ Ke7 25. Qc5+ Kd7 26. Rb3 Rhc8 27. h4
Qb8 28. Qb5+ Ke7 29. Kd1 Qa7 30. Rhh3 Qxd4 31. Rxa3 Qxg4+ 32. Ke1 Qe4+ 33.
Rhe3 Qh1+ 34. Ke2 Rab8 35. Ra7 d4 36. Rf3 d3+ 37. Qxd3 Kf8 38. Qd7 Kg8 39.
Rxb7 {#r} 1-0

[Event "PRO League Pacific 2017"]
[Site "masterchessopen.com chess.com INT"]
[Date "2017.02.01"]
[Round "4"]
[White "Shabalov,A"]
[Black "Robson,R"]
[Result "0-1"]
[WhiteElo "2563"]
[BlackElo "2675"]

1. f4 d5 2. Nf3 c5 3. g3 g6 4. Bg2 Bg7 5. d3 Nf6 6. O-O O-O 7. Qe1 d4 8. Na3
Nc6 9. Bd2 Be6 10. c3 Qd7 11. Nc2 Rab8 12. cxd4 cxd4 13. b4 b5 14. a4 bxa4 15.
Na3 a6 16. Nc4 Bxc4 17. dxc4 Ne4 18. Rxa4 Nc3 19. Qa1 Nxb4 20. Bxc3 dxc3 21.
Ne5 Bxe5 22. fxe5 Nc2 {#R} 0-1

[Event "TCh-CAT Gp1 2017"]
[Site "masterchessopen.com Barcelona ESP"]
[Date "2017.01.28"]
[Round "2.4"]
[White "Castelltort Fernandez,A"]
[Black "Mayo Casademont,M"]
[Result "1-0"]
[WhiteElo "2254"]
[BlackElo "2305"]

1. f4 d5 2. Nf3 Bg4 3. e3 Nd7 4. Be2 Ngf6 5. O-O Bxf3 6. Bxf3 e5 7. d4 exf4 8.
exf4 Be7 9. Nc3 c6 10. Qd3 O-O 11. Bd2 Nb6 12. b3 Nc8 13. Rae1 Nd6 14. g4 Qd7
15. g5 Nfe8 16. f5 Bd8 17. Bg2 f6 18. g6 h6 19. Nxd5 Nb5 20. c4 Nec7 21. Nxc7
Nxc7 22. Bb4 Re8 23. Rxe8+ Nxe8 24. d5 b6 25. Qe2 c5 26. Bd2 Nd6 27. Qe6+ Qxe6
28. dxe6 Rc8 29. Bf4 Be7 30. Bxd6 Bxd6 31. Rd1 Be7 32. Rd7 Kf8 33. Rxa7 Rd8
34. Bd5 b5 35. Kf2 b4 36. Ke3 Rc8 37. Ke4 Ke8 38. h3 Kf8 39. Bc6 Rb8 40. Kd5
Rc8 41. Bd7 Rb8 42. Kc6 Bd8 43. h4 h5 44. Ra6 Be7 45. Kc7 Rd8 46. Bc6 Kg8 47.
Ra8 Rxa8 48. Bxa8 Kf8 49. Kd7 {#r} 1-0

[Event "Gibraltar Masters 2017"]
[Site "masterchessopen.com Caleta ENG"]
[Date "2017.01.31"]
[Round "8.53"]
[White "Pustovoitova,D"]
[Black "Lombaers,P"]
[Result "1-0"]
[WhiteElo "2407"]
[BlackElo "2314"]

1. Nf3 f5 2. d3 Nc6 3. e4 e5 4. Nc3 Nf6 5. exf5 d5 6. d4 exd4 7. Nxd4 Nxd4 8.
Qxd4 Bxf5 9. Bg5 Be7 10. O-O-O c6 11. Re1 Qd6 12. g4 Bg6 13. Bf4 Qd7 14. h4
Nxg4 15. Bh3 O-O 16. Rxe7 Qxe7 17. Bxg4 Rae8 18. Be3 b6 19. h5 Bf5 20. Rg1
Bxg4 21. Qxg4 Rf7 22. Bd4 Qe6 23. Qg5 h6 24. Qg3 Ree7 25. f4 Qf5 26. Be5 Qxh5
27. b4 Rd7 28. Qd3 Qf5 29. Rxg7+ {#r} 1-0

[Event "Gibraltar Masters 2017"]
[Site "masterchessopen.com Caleta ENG"]
[Date "2017.01.31"]
[Round "8.93"]
[White "Gluckman,D"]
[Black "Feldbacher,H"]
[Result "1-0"]
[WhiteElo "2215"]
[BlackElo "2050"]

1. Nf3 f5 2. e4 fxe4 3. Ng5 Nf6 4. d3 e3 5. Bxe3 e5 6. Nf3 Nc6 7. d4 e4 8. Ne5
d5 9. Bb5 Bd7 10. Nxd7 Qxd7 11. h3 a6 12. Be2 Bd6 13. Nd2 Ne7 14. g4 O-O 15.
Nf1 b5 16. Qd2 c6 17. O-O-O a5 18. Ng3 Bb4 19. c3 Bd6 20. g5 Ne8 21. Rdg1 Qc7
22. h4 Bf4 23. Nh5 Bxe3 24. fxe3 Kh8 25. Nf4 Qd6 26. h5 Nc7 27. Bg4 b4 28. Qh2
Kg8 29. h6 g6 30. Nxg6 Qxg6 31. Qxc7 Nf5 32. Bh5 Qd6 33. Qxd6 Nxd6 34. g6 Rf2
35. g7 bxc3 36. bxc3 Rb8 37. Bg4 Rfb2 38. Be6+ {#r} 1-0

[Event "Gibraltar Masters 2017"]
[Site "masterchessopen.com Caleta ENG"]
[Date "2017.02.01"]
[Round "9.102"]
[White "Veltkamp,G"]
[Black "Carlsten,P"]
[Result "0-1"]
[WhiteElo "2166"]
[BlackElo "2047"]

1. Nf3 f5 2. e4 fxe4 3. Ng5 g6 4. d3 h6 5. Nh3 e5 6. Qg4 Ne7 7. dxe4 Nbc6 8.
Qg3 d6 9. Bc4 Nd4 10. Na3 Be6 11. Bxe6 Nxe6 12. f4 exf4 13. Nxf4 Nxf4 14. Bxf4
Qd7 15. Nc4 Qe6 16. Qd3 d5 17. Ne5 O-O-O 18. O-O Bg7 19. Qh3 Qxh3 20. gxh3
Rhf8 21. Bg3 dxe4 22. Nf7 Rd2 23. Be5 Bxe5 24. Nxe5 Rf5 25. Ng4 Rxc2 26. Rfe1
Nd5 27. Rxe4 h5 28. Ne3 Rg5+ 29. Kh1 Nxe3 30. Rxe3 Rgg2 31. Re7 Rxh2+ 32. Kg1
Rcg2+ {#R} 0-1

[Event "22nd HIT Open 2017"]
[Site "masterchessopen.com Nova Gorica SLO"]
[Date "2017.02.01"]
[Round "8.11"]
[White "Debevec,B"]
[Black "Medancic,R"]
[Result "1-0"]
[WhiteElo "2180"]
[BlackElo "2264"]

1. Nf3 b5 2. e4 a6 3. d4 Bb7 4. Bd3 g6 5. a4 b4 6. a5 d6 7. Qe2 Bg7 8. Nbd2 c5
9. dxc5 dxc5 10. Nc4 Nf6 11. e5 Nd5 12. e6 f5 13. Nfe5 O-O 14. h4 Qc8 15. Nf7
Nc6 16. Nh6+ Bxh6 17. Bxh6 Nd4 18. Qe5 Rf6 19. O-O-O Qxe6 20. Qh2 b3 21. Rde1
Qd7 22. c3 Nc6 23. Ne5 Nxe5 24. Qxe5 Rd8 25. Bg5 Rf7 26. Rd1 Qa4 27. Bb1 Qxa5
28. h5 gxh5 29. Rd3 Nf6 30. Rhd1 Rxd3 31. Rxd3 Be4 32. Bh6 Qb6 33. Qe6 Qb8 34.
Rg3+ Ng4 35. Bxe4 fxe4 36. f3 exf3 37. gxf3 Qe8 38. fxg4 Kh8 39. Qe5+ {#r} 1-0

[Event "PRO League Pacific 2017"]
[Site "masterchessopen.com chess.com INT"]
[Date "2017.02.01"]
[Round "4"]
[White "Nagle,S"]
[Black "Xiong,Jeffery"]
[Result "0-1"]
[WhiteElo "2423"]
[BlackElo "2667"]

1. Nf3 c5 2. c3 Nf6 3. d4 b6 4. dxc5 bxc5 5. e4 e6 6. e5 Nd5 7. Na3 Be7 8. Bd3
O-O 9. Be4 Nc6 10. Bxd5 exd5 11. Qxd5 Ba6 12. Nc4 Na5 13. Nxa5 Qxa5 14. Bg5
Rab8 15. Qd2 Bxg5 16. Nxg5 Rfe8 17. f4 Qa4 18. Kf2 d6 19. b3 Qa3 20. Qc2 dxe5
21. Qxh7+ Kf8 22. Rhe1 Qb2+ 23. Kg1 Bb7 24. Qh8+ Ke7 25. Rxe5+ Kd6 26. Rd1+
Kc7 27. Qh3 Rbd8 28. Rf1 Rd2 29. Nf3 Rxe5 30. fxe5 Re2 31. Qg3 Kb6 32. Qxg7
Qxa2 33. h4 Qxb3 34. h5 Be4 35. h6 Qc2 36. Kh2 Kb5 37. Qg4 Kc4 38. e6 fxe6 39.
h7 Qxc3 40. Qxe6+ Kd3 41. Qe5 Rxg2+ 42. Kxg2 Qxe5 43. Rd1+ Kc2 44. Re1 Bxf3+
45. Kxf3 Qf5+ 46. Kg2 Qxh7 47. Re7 Qxe7 {#R} 0-1

[Event "PRO League Central 2017"]
[Site "masterchessopen.com chess.com INT"]
[Date "2017.02.01"]
[Round "4"]
[White "Balogun,Oluwafemi"]
[Black "Moussard,J"]
[Result "0-1"]
[WhiteElo "2222"]
[BlackElo "2576"]

1. Nf3 Nf6 2. g3 b6 3. Bg2 Bb7 4. O-O g6 5. b3 Bg7 6. Bb2 O-O 7. d3 c5 8. e4
d6 9. Nbd2 Nc6 10. a3 Qc7 11. Ne1 e6 12. f4 d5 13. e5 Nd7 14. Nef3 Rae8 15.
Re1 f6 16. exf6 Nxf6 17. Ne5 d4 18. Ndc4 Nxe5 19. Nxe5 Bxg2 20. Kxg2 Nd5 21.
Bc1 g5 22. Qg4 gxf4 23. gxf4 Rf5 24. Bd2 Kh8 25. Nf3 Bf6 26. Kh1 Rg8 27. Ng5
Bxg5 28. fxg5 Rf2 {#R} 0-1

[Event "PRO League Pacific 2017"]
[Site "masterchessopen.com chess.com INT"]
[Date "2017.02.01"]
[Round "4"]
[White "Friedel,J"]
[Black "Orlov,G"]
[Result "0-1"]
[WhiteElo "2524"]
[BlackElo "2475"]

1. Nf3 Nf6 2. g3 g6 3. Bg2 Bg7 4. O-O c5 5. c4 d5 6. cxd5 Nxd5 7. Nc3 O-O 8.
d3 Nc6 9. Nxd5 Qxd5 10. Be3 Qd6 11. Rc1 b6 12. d4 c4 13. Bf4 Qd7 14. Rxc4 Ba6
15. Rc1 Rad8 16. Qa4 Bb7 17. Rfd1 Nxd4 18. Qxd7 Rxd7 19. Nxd4 Bxg2 20. Kxg2
Rxd4 21. Rxd4 Bxd4 22. Rc7 Bxb2 23. Rxa7 Bf6 24. e4 g5 25. Bc7 Bd4 26. a4 b5
27. Rb7 bxa4 28. Rb4 e5 29. Rxa4 Rc8 30. Bd6 Rc2 31. Kh3 Rxf2 32. Kg4 h6 33.
h4 gxh4 34. Kxh4 Kh7 35. Ra8 f6 36. Kh5 Rh2+ 37. Kg4 Kg6 38. Rg8+ Kf7 39. Rb8
h5+ 40. Kf5 Rf2# 0-1

[Event "TCh-LTU 2017"]
[Site "masterchessopen.com Lithuania LTU"]
[Date "2017.01.28"]
[Round "1.1"]
[White "Drozdov,S"]
[Black "Kulaots,K"]
[Result "0-1"]
[WhiteElo "2201"]
[BlackElo "2579"]

1. Nf3 Nf6 2. g3 b5 3. Bg2 Bb7 4. O-O e6 5. a4 b4 6. c4 c5 7. d3 Be7 8. e4 O-O
9. Nbd2 Nc6 10. Nb3 d6 11. Re1 Nd7 12. d4 cxd4 13. Nbxd4 Na5 14. Nd2 Nc5 15.
Qc2 Rc8 16. b3 Bf6 17. Bb2 Qb6 18. Ra2 Rfe8 19. Bf1 d5 20. e5 Be7 21. Qd1 Red8
22. Qg4 Ncxb3 23. N4xb3 Nxb3 24. Nxb3 dxc4 25. Nd4 c3 26. Nb5 {#R} 0-1

[Event "Gibraltar Masters 2017"]
[Site "masterchessopen.com Caleta ENG"]
[Date "2017.01.30"]
[Round "7.52"]
[White "Piasetski,L"]
[Black "Ganguly,S"]
[Result "0-1"]
[WhiteElo "2327"]
[BlackElo "2657"]

1. Nf3 d5 2. e3 Nf6 3. b3 e6 4. Bb2 Bd6 5. d4 O-O 6. Nbd2 b6 7. c4 Bb7 8. Qc2
c5 9. cxd5 exd5 10. Bd3 Nc6 11. a3 Re8 12. dxc5 bxc5 13. O-O h6 14. Bf5 Qe7
15. Rfe1 Bc8 16. Rac1 Be6 17. Bxe6 Qxe6 18. b4 c4 19. Bxf6 Qxf6 20. e4 Bf4 21.
exd5 Nd4 22. Nxd4 Qxd4 23. Nf3 Bxc1 24. Rxc1 Qxd5 25. Qxc4 Qxc4 26. Rxc4 Rac8
27. Rxc8 Rxc8 28. Kf1 Rc3 {#R} 0-1

[Event "25th Fajr Open 2017"]
[Site "masterchessopen.com Sareyn IRI"]
[Date "2017.02.01"]
[Round "7.8"]
[White "Omidi,Arya"]
[Black "Hejazipour,M"]
[Result "1-0"]
[WhiteElo "2313"]
[BlackElo "2307"]

1. Nf3 c5 2. e3 Nf6 3. b3 d5 4. Bb2 a6 5. d4 Nc6 6. Nbd2 cxd4 7. Nxd4 Nxd4 8.
Bxd4 Bg4 9. Qc1 e6 10. Bd3 Rc8 11. Qb2 Bc5 12. f3 Bh5 13. O-O-O Bxd4 14. Qxd4
Qc7 15. Qb2 Bg6 16. Kb1 b5 17. g4 O-O 18. h4 Bxd3 19. cxd3 Qc3 20. Nc4 d4 21.
Qxc3 dxc3 22. Na3 Nd5 23. Nc2 a5 24. a3 b4 25. a4 Nb6 26. d4 Rc7 27. e4 Rb8
28. Rd3 Kf8 29. Ne3 Rd8 30. Kc2 f6 31. Rhd1 Kf7 32. f4 Nc8 33. d5 exd5 34.
Nxd5 Rc6 35. Nxb4 Rxd3 36. Nxc6 Rf3 37. f5 Nb6 38. e5 Rf2+ 39. Kxc3 fxe5 40.
Nxe5+ Kf6 41. Nc6 Rf4 42. Rd6+ {#r} 1-0

[Event "Gibraltar Masters 2017"]
[Site "masterchessopen.com Caleta ENG"]
[Date "2017.01.31"]
[Round "8.36"]
[White "Oparin,G"]
[Black "Tsolakidou,Stavroula"]
[Result "1-0"]
[WhiteElo "2625"]
[BlackElo "2387"]

1. Nf3 Nf6 2. g3 d5 3. Bg2 c6 4. O-O Bg4 5. h3 Bh5 6. d4 e6 7. c4 Nbd7 8. cxd5
exd5 9. Qb3 Bxf3 10. exf3 Nb6 11. Nd2 Be7 12. f4 O-O 13. Nf3 Ne4 14. Ne5 Nd6
15. a4 a5 16. Bd2 Nbc4 17. Bc3 Qc7 18. Qc2 Rfe8 19. Rfe1 Bf8 20. h4 Nb6 21. h5
f6 22. Nd3 Qf7 23. Rxe8 Nxe8 24. Bf3 Nd7 25. f5 Bd6 26. Re1 Nc7 27. Bd2 h6 28.
Qb3 b6 29. Qc2 c5 30. Bf4 Qf8 31. Re6 Nxe6 32. fxe6 Rd8 33. Bxd5 Kh8 34. exd7
f5 35. Bxd6 Qxd6 36. Nf4 Qf6 37. dxc5 Rxd7 38. cxb6 {#r} 1-0

[Event "13th Moscow Open A 2017"]
[Site "masterchessopen.com Moscow RUS"]
[Date "2017.02.03"]
[Round "7.7"]
[White "Shtembuliak,E"]
[Black "Khismatullin,D"]
[Result "0-1"]
[WhiteElo "2477"]
[BlackElo "2639"]

1. Nf3 d5 2. g3 g6 3. Bg2 Bg7 4. c4 dxc4 5. Qa4+ Nc6 6. Qxc4 e5 7. O-O Nge7 8.
d3 O-O 9. Nc3 Be6 10. Qa4 h6 11. Be3 Nd4 12. Rfc1 c6 13. Qd1 Kh7 14. Ne4 Bd5
15. Bd2 f5 16. Nc5 b6 17. e4 Nxf3+ 18. Bxf3 Bf7 19. Na6 Qxd3 20. Nb4 Qd6 21.
exf5 Rad8 22. Be1 c5 23. Qa4 cxb4 24. Bxb4 Qf6 25. Qxa7 Qxf5 26. Bxe7 Qxf3 27.
Bxf8 Rd2 28. Rf1 Bxf8 {#R} 0-1

[Event "Mayors Cup Yerevan KO"]
[Site "masterchessopen.com Yerevan ARM"]
[Date "2017.01.31"]
[Round "2.1"]
[White "Petrosian,TL"]
[Black "Andriasian,Z"]
[Result "0-1"]
[WhiteElo "2592"]
[BlackElo "2621"]

1. g3 e5 2. Bg2 d5 3. d3 Nf6 4. Nf3 Nc6 5. O-O Be7 6. a3 a5 7. b3 O-O 8. Bb2
e4 9. Ne5 Nxe5 10. Bxe5 Ng4 11. Bf4 e3 12. Bxe3 Nxe3 13. fxe3 Bg5 14. e4 dxe4
15. Kh1 Bf6 16. Ra2 e3 17. c3 c5 18. Qc1 Re8 19. c4 h5 20. Nc3 Ra6 21. Nd5 Bd4
22. Rf4 Rh6 23. Qf1 h4 24. g4 h3 25. Be4 Qg5 26. Rxf7 Bxg4 27. Rc2 Be6 28.
Ne7+ Qxe7 29. Rxe7 Rxe7 30. Rc1 Rf7 31. Qg1 Rhf6 32. Bf3 Rxf3 33. exf3 Bd7 34.
Qg3 Bc6 35. Kg1 e2+ {#R} 0-1

[Event "25th Fajr Open 2017"]
[Site "masterchessopen.com Sareyn IRI"]
[Date "2017.02.02"]
[Round "9.8"]
[White "Mosadeghpour,Masoud"]
[Black "Ghane,S"]
[Result "1-0"]
[WhiteElo "2478"]
[BlackElo "2335"]

1. Nf3 d5 2. g3 Bg4 3. Bg2 Nd7 4. h3 Bh5 5. c4 e6 6. cxd5 exd5 7. d4 c6 8. Qb3
Qb6 9. Qe3+ Be7 10. Nh4 Bg6 11. Nc3 Nf8 12. f4 Nh6 13. g4 Ne6 14. Nf3 O-O 15.
O-O Bf6 16. Rd1 Bc2 17. Rd2 Rfe8 18. Qf2 Be4 19. e3 Bxf3 20. Bxf3 Be7 21. f5
Ng5 22. Bg2 f6 23. Re2 Bb4 24. h4 Ngf7 25. Qf4 Rad8 26. Bd2 Bd6 27. Qf3 Bb8
28. Bh3 Qxb2 29. Rb1 Qa3 30. Rxb7 Nd6 31. Rb3 Qa6 32. g5 Nhf7 33. Rg2 fxg5 34.
hxg5 Nc4 35. Bc1 Bd6 36. g6 hxg6 37. fxg6 Nh6 38. e4 Rf8 39. Be6+ Kh8 40. Bf7
Rg8 41. Bxh6 gxh6 42. Bxg8 Rxg8 43. Qf6+ Rg7 44. Rb8+ Bxb8 45. Qf8+ {#r} 1-0

[Event "PRO League Central 2017"]
[Site "masterchessopen.com chess.com INT"]
[Date "2017.02.01"]
[Round "4"]
[White "Meier,Geo"]
[Black "Adu,O"]
[Result "1-0"]
[WhiteElo "2630"]
[BlackElo "2288"]

1. Nf3 d5 2. g3 c6 3. Bg2 Nf6 4. O-O Bf5 5. c4 e6 6. cxd5 cxd5 7. Qb3 Qb6 8.
Qxb6 axb6 9. Nc3 Bc5 10. d3 O-O 11. Nh4 Bg6 12. Nxg6 hxg6 13. Bd2 Nc6 14. Rfc1
Ng4 15. Be1 Rfc8 16. Rab1 Bd4 17. a3 Na7 18. h3 Nf6 19. e3 Be5 20. d4 Bc7 21.
Bf1 Bd8 22. h4 Rc6 23. Nb5 Be7 24. Nxa7 Rxa7 25. Bb5 Rxc1 26. Rxc1 Ra8 27. Rc7
Bd6 28. Rxb7 Rb8 29. Rxb8+ Bxb8 30. f3 Bd6 31. g4 Kf8 32. Kf2 Ke7 33. Ke2 Kd8
34. Kd3 Kc7 35. Kc2 Bh2 36. Kd3 Bd6 37. Ba4 Kd8 38. Bc6 Kc7 39. Bb5 Kd8 40. a4
Bc7 41. b4 Bd6 42. a5 Kc7 43. a6 Be7 44. g5 Nh7 45. Be8 f6 46. Bg3+ Kc8 47.
Bc6 e5 48. a7 {#r} 1-0

[Event "PRO League Central 2017"]
[Site "masterchessopen.com chess.com INT"]
[Date "2017.02.01"]
[Round "4"]
[White "Balogun,Oluwafemi"]
[Black "Gozzoli,Y"]
[Result "0-1"]
[WhiteElo "2222"]
[BlackElo "2583"]

1. Nf3 d5 2. g3 g6 3. Bg2 Bg7 4. O-O e5 5. d3 Ne7 6. e4 O-O 7. Nbd2 Nbc6 8. c3
a5 9. a4 h6 10. Nb1 Be6 11. Na3 Qd7 12. Nb5 Rad8 13. exd5 Nxd5 14. Re1 Rfe8
15. d4 Bg4 16. dxe5 Nxe5 17. Be3 Nxe3 18. Qxd7 Rxd7 19. Rxe3 Bxf3 20. Bxf3
Nxf3+ 21. Rxf3 Re2 22. Rb1 b6 23. Kf1 Rdd2 24. Nxc7 Bf8 25. b4 Re7 26. Nb5 Ra2
27. bxa5 bxa5 28. Nd4 Rxa4 29. Rb8 Kg7 30. h4 h5 31. Nc6 Rc7 32. Ne5 Bd6 33.
Rb5 Re4 34. Nd3 a4 35. Nb4 a3 36. Nd5 a2 {#R} 0-1

[Event "PRO League Central 2017"]
[Site "masterchessopen.com chess.com INT"]
[Date "2017.02.01"]
[Round "4"]
[White "Movsesian,S"]
[Black "Csonka,B"]
[Result "1-0"]
[WhiteElo "2679"]
[BlackElo "2414"]

1. Nf3 d5 2. g3 g6 3. Bg2 Bg7 4. O-O e5 5. d3 Ne7 6. e4 dxe4 7. dxe4 Qxd1 8.
Rxd1 Nbc6 9. Nc3 Bg4 10. Be3 a6 11. Rd2 Rd8 12. Rxd8+ Nxd8 13. h3 Bc8 14. a4
Ne6 15. Nd5 b6 16. c3 Bb7 17. Nd2 Nc8 18. f4 exf4 19. gxf4 Bh6 20. Rf1 O-O 21.
Nf6+ Kg7 22. Ng4 f5 23. exf5 Bxg2 24. fxe6 {#r} 1-0

[Event "PRO League Pacific 2017"]
[Site "masterchessopen.com chess.com INT"]
[Date "2017.02.01"]
[Round "4"]
[White "Raptis,N"]
[Black "So,W"]
[Result "0-1"]
[WhiteElo "2262"]
[BlackElo "2808"]

1. Nf3 d5 2. g3 Bg4 3. Bg2 c6 4. O-O Nd7 5. d3 Ngf6 6. Nbd2 e5 7. e4 Bd6 8. h3
Bh5 9. Qe2 O-O 10. Rd1 Re8 11. c3 Qc7 12. Nf1 Nc5 13. g4 Bg6 14. Nh4 dxe4 15.
dxe4 Bxe4 16. g5 Bxg2 17. gxf6 Bxf1 18. Qg4 g6 19. Kxf1 Bf8 20. Nf5 Re6 21.
Qh4 gxf5 22. Ke2 Ne4 23. Rg1+ Kh8 24. Bh6 Rxf6 25. Bxf8 Rxf8 26. f3 Qb6 27.
Rab1 Qa6+ 28. Ke3 f4+ 29. Kxe4 Qe2# 0-1

[Event "Gibraltar Masters 2017"]
[Site "masterchessopen.com Caleta ENG"]
[Date "2017.01.31"]
[Round "8.32"]
[White "Krysa,L"]
[Black "Omar,Noa"]
[Result "1-0"]
[WhiteElo "2491"]
[BlackElo "2369"]

1. Nf3 d5 2. g3 c5 3. c4 d4 4. b4 Nd7 5. Qa4 e5 6. bxc5 Bxc5 7. Ba3 Qc7 8.
Bxc5 Qxc5 9. d3 Ngf6 10. Nbd2 O-O 11. Bg2 Qc7 12. O-O Nc5 13. Qa3 Bd7 14. Ng5
Rab8 15. Nge4 Nfxe4 16. Nxe4 b6 17. f4 Nxe4 18. Bxe4 exf4 19. Rxf4 Be6 20.
Raf1 b5 21. cxb5 Rxb5 22. Bxh7+ Kxh7 23. Qxf8 {#r} 1-0